000 00361nam a22001577a 4500
003 SGT
020 _a9783131127013
082 _a617.51
_bM93T
100 _aTOS, MIRKO
245 _aMANUAL OF MIDDLE EAR SURGERY VOL-1
260 _aNEW YORK
_bTHIEME PUB
_c1993
300 _a403
650 _aENT
653 _aMANUAL OF MIDDLE EAR SURGERY
942 _2ddc
_cBK
999 _c23254
_d23254